Nové pravidlá pre kolektívne investovanie

Nový zákon o kolektívnom investovaní schválil parlament s cieľom harmonizovať túto oblasť podnikania so smernicami Európskej únie. Charakteristika správcovskej spoločnosti. Otvorené podielové fondy (podielové fondy harmonizované so smernicou EÚ). Uzavreté podielové fondy. Špeciálne podielové fondy....

Ausführliche Beschreibung

Gespeichert in:
Bibliographische Detailangaben
1. Verfasser: Kvasňovský, Richard
Format: Buchkapitel
Sprache:Slowakisch
Englisch
Schlagworte:
Tags: Tag hinzufügen
Keine Tags, Fügen Sie das erste Tag hinzu!

MARC

LEADER 00000naa$a2200000$$$4500
001 0005553
005 20230426121049.0
041 0 |a slo 
041 0 |a eng 
044 |a SK 
245 1 0 |a Nové pravidlá pre kolektívne investovanie  |c Richard Kvasňovský 
520 |a Nový zákon o kolektívnom investovaní schválil parlament s cieľom harmonizovať túto oblasť podnikania so smernicami Európskej únie. Charakteristika správcovskej spoločnosti. Otvorené podielové fondy (podielové fondy harmonizované so smernicou EÚ). Uzavreté podielové fondy. Špeciálne podielové fondy. Majetok v podielovom fonde sa v súlade so zákonom zveruje depozitárovi. Povinnosť správcovskej spoločnosti zostaviť a predpísaným spôsobom zverejniť predajný prospekt. Dohľad vykonáva Úrad pre finančný trh. 
610 2 0 |a Slovensko 
610 2 0 |a spoločnosti správcovské 
610 2 0 |a zákony 
610 2 0 |a investovanie kolektívne 
610 2 0 |a Európska únia 
610 2 0 |a fondy podielové otvorené 
610 2 0 |a dozor štátny 
610 2 0 |a depozitár 
100 1 |a Kvasňovský, Richard